000 00662nab a2200193 4500
001 244442
003 OSt
005 20260413131733.0
007 tu
008 260413s2020|||||||
040 _aDE-2950
_cDE-2950
245 0 0 _a"Bunker" heißt jetzt auch so
_bImmobilie. Das Einkaufszentrum an der Heilbronner Straße heißt jetzt nicht nur im Volksmund "Bunker". Dass der Name an der Fassade auftaucht, hat eine Vorgeschichte/
_cNicole Buhlau
264 _c2026
653 _aFrankfurt (O)
653 _aEinkaufszentrum
653 _a"Bunker"
773 0 _g37. Jahrgang (2026) Nr. 82 vom 09.04.2026 , S. 15 mit Foto
_tMärkische Oderzeitung
942 _2z
_cA
999 _c374371
_d374371